All U.S. Metro Areas by Proximity - Statistics

General Stats
  • This quiz has been taken 6,371 times
    6,157 since last reset
  • The average score is 336 of 384
Answers on the Map
Answers color-coded by a green-red scale on the quiz's map according to % correct below.
 
Answer Stats
City % Correct
Glens Falls
99%
Hartford
99%
Norwich
99%
Pittsfield
99%
Providence
99%
Springfield, MA
99%
Worcester
99%
Austin
98%
College Station
98%
Elkhart
98%
Fort Wayne
98%
Killeen
98%
Longview, WA
98%
Niles
98%
Olympia
98%
Portland, OR
98%
South Bend
98%
Waco
98%
Yakima
98%
Allentown
97%
Battle Creek
97%
Binghamton
97%
Bremerton
97%
Bridgeport
97%
Chicago
97%
East Stroudsburg
97%
Grand Rapids
97%
Hanford
97%
Jackson, MI
97%
Kalamazoo
97%
Kingston
97%
Lansing
97%
Michigan City
97%
Mount Vernon
97%
Muskegon
97%
New Haven
97%
Poughkeepsie
97%
Seattle
97%
Trenton
97%
Wenatchee
97%
Albany, NY
96%
Atlantic City
96%
Baltimore
96%
Bloomington, IL
96%
Bloomsburg
96%
Boston
96%
Burlington, VT
96%
Champaign
96%
Corpus Christi
96%
Danville
96%
Dover
96%
El Centro
96%
Elmira
96%
Gettysburg
96%
Harrisburg
96%
Ithaca
96%
Kankakee
96%
Kennewick
96%
Kokomo
96%
Lafayette, IN
96%
Lancaster
96%
Lebanon
96%
Los Angeles
96%
Manchester
96%
Muncie
96%
New York City
96%
Ocean City
96%
Oxnard
96%
Palm Bay
96%
Philadelphia
96%
Racine
96%
Reading
96%
Riverside
96%
San Diego
96%
Scranton
96%
Springfield, OH
96%
Terre Haute
96%
Utica
96%
Victoria
96%
Vineland
96%
Williamsport
96%
York
96%
Akron
95%
Cape Coral
95%
Carson City
95%
Chico
95%
Cleveland, OH
95%
Columbus, OH
95%
Davenport
95%
Decatur, IL
95%
Dubuque
95%
Fresno
95%
Huntsville
95%
Indianapolis
95%
Lewiston, ME
95%
Lima
95%
Madera
95%
Mansfield
95%
Merced
95%
Modesto
95%
Napa
95%
Naples
95%
North Port
95%
Peoria
95%
Portland, ME
95%
Port Saint Lucie
95%
Punta Gorda
95%
Rockford
95%
Sacramento
95%
Salinas
95%
San Francisco
95%
San Jose
95%
Santa Cruz
95%
Santa Rosa
95%
Sebastian
95%
Sebring
95%
Springfield, IL
95%
Stockton
95%
Tyler
95%
Vallejo
95%
Yuba City
95%
Albany, GA
94%
Albany, OR
94%
Ann Arbor
94%
Anniston
94%
Appleton
94%
Asheville
94%
Athens
94%
Auburn
94%
Barnstable
94%
Bend
94%
Birmingham
94%
Canton
94%
Columbus, GA
94%
Corvallis
94%
Dallas
94%
Decatur, AL
94%
Detroit
94%
Eugene
94%
Fond du Lac
94%
Gainesville, GA
94%
Green Bay
94%
Houston
94%
Janesville
94%
Knoxville
94%
Lawton
94%
Macon
94%
Madison
94%
Milwaukee
94%
Monroe, MI
94%
Oshkosh
94%
Salem
94%
San Luis Obispo
94%
Sheboygan
94%
Sherman
94%
Toledo
94%
Visalia
94%
Atlanta
93%
Chattanooga
93%
Cleveland, TN
93%
Dalton
93%
Dothan
93%
Evansville
93%
Gadsden
93%
Greenville, SC
93%
Lynchburg
93%
Montgomery
93%
Morristown
93%
Owensboro
93%
Rome
93%
Santa Maria
93%
Spartanburg
93%
Altoona
92%
Augusta
92%
Bakersfield
92%
Baton Rouge
92%
Burlington, NC
92%
Charlottesville
92%
Dayton
92%
Durham
92%
Florence, SC
92%
Gainesville, FL
92%
Goldsboro
92%
Greensboro
92%
Gulfport
92%
Hammond
92%
Hattiesburg
92%
Jacksonville, FL
92%
Lake Havasu City
92%
Miami
92%
Mobile
92%
Myrtle Beach
92%
New Orleans
92%
Raleigh
92%
Reno
92%
Rocky Mount
92%
Staunton
92%
Sumter
92%
Warner Robins
92%
Wichita Falls
92%
Winston-Salem
92%
Youngstown
92%
Bay City
91%
Boulder
91%
Bowling Green
91%
Cheyenne
91%
Colorado Springs
91%
Denver
91%
Fayetteville, NC
91%
Flint
91%
Fort Collins
91%
Greeley
91%
Harrisonburg
91%
Jackson, MS
91%
Saginaw
91%
Shreveport
91%
Texarkana
91%
Twin Falls
91%
Weirton
91%
Abilene
90%
Alexandria
90%
Daphne
90%
Homosassa Springs
90%
Kansas City
90%
Lafayette, LA
90%
Ocala
90%
Phoenix
90%
Prescott
90%
Richmond
90%
State College
90%
The Villages
90%
Yuma
90%
Blacksburg
89%
Brunswick
89%
Chambersburg
89%
Charlotte
89%
Columbia, SC
89%
Deltona
89%
Erie
89%
Hagerstown
89%
Hickory
89%
Lakeland
89%
Morgantown
89%
Omaha
89%
Orlando
89%
Pueblo
89%
Roanoke
89%
Saint Joseph
89%
Sierra Vista
89%
Tampa
89%
Tucson
89%
Virginia Beach
89%
Winchester
89%
Beaumont
88%
Bellingham
88%
California
88%
Cape Girardeau
88%
Clarksville
88%
Des Moines
88%
Elizabethtown
88%
Johnstown
88%
Lake Charles
88%
Lexington
88%
Lincoln
88%
Marion
88%
Salisbury
88%
Washington, DC
88%
Cumberland
87%
Flagstaff
87%
Florence, AL
87%
Lawrence
87%
Longview, TX
87%
Nashville
87%
Rochester, MN
87%
Topeka
87%
Columbia, MO
86%
Greenville, NC
86%
Johnson City
86%
La Crosse
86%
Logan
86%
Louisville
86%
Mankato
86%
Midland, MI
86%
Ogden
86%
Pittsburgh
86%
Pocatello
86%
Provo
86%
Salt Lake City
86%
Springfield, MO
86%
Wausau
86%
Bangor
85%
Cincinnati
85%
Wichita
85%
Eau Claire
84%
Hinesville
84%
Jefferson City
84%
Jonesboro
84%
Kingsport
84%
Manhattan
84%
Parkersburg
84%
Pensacola
84%
Pine Bluff
84%
Saint Cloud
84%
Wilmington
84%
Beckley
83%
Charleston, WV
83%
Memphis
83%
San Angelo
83%
Waterloo
83%
Bloomington, IN
82%
Columbus, IN
82%
Fort Smith
82%
Houma
82%
Jackson, TN
82%
Jacksonville, NC
82%
Joplin
82%
Valdosta
82%
Wheeling
82%
Buffalo
81%
Minneapolis
81%
New Bern
81%
San Antonio
81%
Savannah
81%
Tallahassee
80%
Charleston, SC
79%
Duluth
79%
Ames
78%
El Paso
78%
Hilton Head
78%
Huntington
78%
Las Cruces
78%
Monroe, LA
78%
Tulsa
78%
Boise
77%
Sioux City
77%
Tuscaloosa
77%
Crestview
76%
Enid
75%
Little Rock
75%
Oklahoma City
75%
Panama City
75%
Las Vegas
74%
Saint George
74%
Syracuse
74%
Watertown
73%
Cedar Rapids
72%
Iowa City
72%
Farmington
71%
Hot Springs
71%
Saint Louis
71%
Honolulu
70%
Kahului
70%
Albuquerque
69%
Fayetteville, AR
69%
Laredo
69%
Rochester, NY
69%
Santa Fe
69%
Anchorage
67%
Redding
67%
Grants Pass
66%
Medford
66%
Coeur d'Alene
59%
Lewiston, ID
59%
Spokane
59%
Grand Island
58%
Missoula
58%
Sioux Falls
57%
Walla Walla
57%
Lubbock
54%
Brownsville
53%
Great Falls
53%
McAllen
53%
Casper
52%
Fargo
50%
Grand Forks
50%
Amarillo
49%
Billings
49%
Fairbanks
46%
Midland, TX
46%
Odessa
46%
Bismarck
39%
Idaho Falls
30%
Rapid City
27%
Grand Junction
25%
No matching quizzes found
Score Distribution
Percent of People with Each Score
Percentile by Number Answered
Your Score History
You have not taken this quiz since the last reset